Hiroshige, 1797-1858
Gardado en:
| Autor Principal: | |
|---|---|
| Formato: | Libro |
| Idioma: | Lingua castelá |
| Publicado: |
Colonia
Taschen
2007
|
| Subjects: | |
| Tags: |
Engadir etiqueta
Sen Etiquetas, Sexa o primeiro en etiquetar este rexistro!
|
MARC
| LEADER | 00000nam a2200000 a 4500 | ||
|---|---|---|---|
| 001 | UCG7098 | ||
| 003 | CL-VaPUC | ||
| 008 | 110617e20070000GW |||||||||||||||||spa|d | ||
| 020 | |a 9783822851623 | ||
| 082 | 0 | 4 | |a 750 |b SCH |2 21 |
| 100 | 0 | |a Schlombs, Adele |e author |9 557621 | |
| 245 | 1 | 0 | |a Hiroshige, 1797-1858 |
| 300 | |a 96 p | ||
| 942 | |c BK | ||
| 945 | |d 20110617 00:00:00 |a dcastane | ||
| 260 | |a Colonia |b Taschen |c 2007 | ||
| 600 | 0 | 7 | |a HIROSHIGE |2 CL-VaPUC |9 557622 |
| 650 | 0 | |a Pintura |9 265046 | |
| 650 | 0 | |a Pintura japonesa |9 367915 | |
| 650 | 7 | |a PINTORES JAPONESES |2 CL-VaPUC |9 367916 | |
| 583 | |a last modification |c 20110617 00:00:00 |k Rodrigo Vera | ||
| 999 | |c 345163 |d 345161 | ||
| 952 | |0 0 |1 0 |4 0 |6 750_000000000000000_SCH_2007 |7 0 |8 C |9 443632 |a BIBCUR |b BIBCUR |d 2019-11-22 |i 4785029 |o 750 SCH 2007 |p 4785029 |r 2025-04-22 |w 2019-11-22 |y BK |k CAC | ||